| 000 | 00515nam a22001817a 4500 | ||
|---|---|---|---|
| 999 |
_c174465 _d174465 |
||
| 005 | 20200617150131.0 | ||
| 010 | _aENG-128204 | ||
| 020 |
_c250.00 _a9788179665022 |
||
| 035 | _aEN-111736 | ||
| 037 | _bDBAD/PUB | ||
| 082 | _a250.00 | ||
| 100 | _aP.Ramamoorthy | ||
| 245 |
_aQuestion Bank in Biochemistry/ _cby P.Ramamoorthy |
||
| 260 |
_aChennai _bEmerald _c2018 |
||
| 270 |
_aOlivannan Gopalakrishnan _bNew Delhi _e600008 |
||
| 300 |
_axii;253p. _c23cm(hb) |
||
| 942 |
_2ddc _cEN _h574.192 _mRAM |
||